Akta Makanan 1983 (Akta 281) & peraturan-peraturan : (Hingga 05hb Ogos 2013)

Bibliographic Details
Corporate Authors: Malaysia, International Law Book Services. Lembaga Penyelidikan Undang-unbdang
Format: Book
Language:Malay
Published: Petaling Jaya : International Law Book Services , 2013
Subjects:

MARC

LEADER 00000cam a2200000 7i4500
001 0000025569
005 20140917.0
008 170914 my # may
020 |a 9789678924047 ,   |c RM47.50 
040 |a INS 
090 0 0 |a KPG1020   |b M36 2013 
110 1 |a Malaysia 
240 0 0 |a [Akta Makanan 1983 (Akta 281)] 
245 1 0 |a Akta Makanan 1983 (Akta 281) & peraturan-peraturan :   |b (Hingga 05hb Ogos 2013) 
260 |a Petaling Jaya :   |b International Law Book Services ,   |c 2013 
300 |a 500p. ;   |c 24cm. 
650 0 0 |a Food   |x Law and legislation   |z Malaysia 
710 1 |a International Law Book Services. Lembaga Penyelidikan Undang-unbdang 
740 0
999 |a 1000001920   |b BOOK   |c Open Shelf   |e Default branch